Normal view MARC view

Entry Topical Term

Number of records used in: 1

001 - CONTROL NUMBER

  • control field: 27915

003 - CONTROL NUMBER IDENTIFIER

  • control field: OSt

005 - DATE AND TIME OF LATEST TRANSACTION

  • control field: 20211005122941.0

008 - FIXED-LENGTH DATA ELEMENTS

  • fixed length control field: 211005|| aca||aabn | a|a d

040 ## - CATALOGING SOURCE

  • Original cataloging agency: OSt
  • Transcribing agency: OSt

150 ## - HEADING--TOPICAL TERM

  • Topical term or geographic name entry element: Affordable healthcare, Tribal community, Community healthcare, Social transformation

670 ## - SOURCE DATA FOUND

  • Source citation: Work cat.: (OSt): Narasimhan, Ravichandran Patel, Malay 27914, Social transformation of Indian tribal community: Unlocking the potential by providing access to healthcare

Powered by Koha